• 首页
  • 本馆介绍
  • 公告通知
  • 最新文献
  • 馆藏检索
  • 电子资源
  • 读者导购
  • 参考咨询
  • 我的图书馆
  • 登录
  • 详细信息显示
  • 放入我的书架
  • 预约/预借图书
  • 作者相关作品
  • 分类相关作品
  • 丛书相关作品
  • 出版社相关作品

书目信息

  • 表格格式
  • 工作单格式
  • 卡片格式
题名:
灵活就业者社会保障建设探究
    
 
作者: 赵崇平 , 谭勇 编著
分册:  
出版信息: 北京   光明日报出版社  2014
页数: 398页
开本: 24cm
丛书名:
单 册:
中图分类: D669.2
科图分类:
主题词: 劳动就业--社会保障--研究--中国
电子资源:
ISBN: 978-7-5112-5650-8
000 01129nam0 2200253 450
001 337861
005 20150529083600.32
010    @a978-7-5112-5650-8@dCNY68.00
100    @a20141023d2014 em y0chiy50 ea
101 0  @achi
102    @aCN@b110000
105    @ay z 000yy
106    @ar
200 1  @a灵活就业者社会保障建设探究@Aling huo jiu ye zhe she hui bao zhang jian she tan jiu@f赵崇平, 谭勇编著
210    @a北京@c光明日报出版社@d2014
215    @a398页@d24cm
300    @a2012年度重庆市社会科学规划项目“重庆市灵活就业者社会保障现状及对策研究” 重庆市教委2012年度科学技术研究项目“重庆市灵活就业人员社会保障体系建设研究”阶段研究成果
330    @a本书在学习借鉴中国劳动和社会保障部劳动科学研究所课题组及其他国内外专家学者的研究基础上, 结合重庆市灵活就业者社会保障情况的调研, 对灵活就业者的养老、医疗、失业、工伤、生育保险及救助问题进行了分析探究, 提出了完善灵活就业者社会保障制度建设的模式及对策。
606 0  @a劳动就业@x社会保障@x研究@y中国
690    @aD669.2@v5
701  0 @a赵崇平@Azhao chong ping@4编著
701  0 @a谭勇@Atan yong@4编著
801  0 @aCN@b卓展宏图@c20150525
905    @dD669.2@e147@f4
    
    灵活就业者社会保障建设探究/赵崇平, 谭勇编著.-北京:光明日报出版社,2014
    398页;24cm
    2012年度重庆市社会科学规划项目“重庆市灵活就业者社会保障现状及对策研究” 重庆市教委2012年度科学技术研究项目“重庆市灵活就业人员社会保障体系建设研究”阶段研究成果
    
    ISBN 978-7-5112-5650-8:CNY68.00
    本书在学习借鉴中国劳动和社会保障部劳动科学研究所课题组及其他国内外专家学者的研究基础上, 结合重庆市灵活就业者社会保障情况的调研, 对灵活就业者的养老、医疗、失业、工伤、生育保险及救助问题进行了分析探究, 提出了完善灵活就业者社会保障制度建设的模式及对策。
●
相关链接 在E读中查询图书 在五车中查询图书 在当当中查询图书 在豆瓣中查询图书


正题名:灵活就业者社会保障建设探究     索取号:D669.2/147         预约/预借

序号 登录号 条形码 馆藏地/架位号 状态 备注
1 856464   208564640   第一样本阅览室/ [索取号:D669.2/147] 在馆    
2 856465   208564659   第一借阅区/ [索取号:D669.2/147] 在馆    
3 856466   208564668   密集书库-史法系/ [索取号:D669.2/147] 在馆    
4 856467   208564677   第一借阅区/ [索取号:D669.2/147] 在馆    
唐山师范学院图书馆 欢迎您!
大连网信软件有限公司© 版权所有